000 00719aam a2200253 4500
005 20260325193404.0
008 150618b2008 xxu||||| |||| 00| 0 spa d
020 _a9788498493405
041 _aESP
082 _a364.36 M844l
100 _aMorete Mejias, Felipe
_925029
245 _aEl laberinto social de la delincuencia: jóvenes adolescentes en la encrucijada
260 _aEspaña
260 _bDykinson
260 _c2008
300 _a240 páginas
490 _aInvestigación Criminal
650 _aDELINCUENCIA JUVENIL
650 _aTEORIAS SOCIOLÓGICAS
650 _aCRIMINALIDAD JUVENIL
650 _aTEORÍAS IDEOLÓGICAS
650 _aRESPONSABILIDAD PENAL DE MENORES
942 _cBK
_2ddc
999 _c2929
_d2929